Statistics for The Armenian diaspora

Click here to take the quiz!

General Stats

  • This quiz has been taken 1,284 times
  • The average score is 20 of 26

Answer Stats

Population Country % Correct
1 270 000United States
99%
2 225 000Russia
98%
20 000United Kingdom
96%
500 000France
94%
40 000Turkey
94%
81 500Canada
92%
42 000Germany
91%
250 000Georgia
88%
600 000Iran
84%
400 000Ukraine
83%
60 000Greece
83%
80 000Spain
83%
20 000Iraq
77%
190 000Syria
74%
60 000Australia
73%
92 000Poland
70%
40 000Brazil
69%
140 000Lebanon
67%
130 000Argentina
65%
30 000Bulgaria
60%
25 000Belarus
59%
25 000Kazakhstan
58%
70 000Uzbekistan
54%
70 000Jordan
52%
30 000Turkmenistan
50%
25 000Belgium
48%

Score Distribution

Percentile by Number Answered

Percent of People with Each Score

Your Score History

You have not taken this quiz